| 000 | 00962cam a2200265 i 4500 | ||
|---|---|---|---|
| 003 | SA-RiAUC | ||
| 005 | 20250311123512.0 | ||
| 008 | 250309s1984 le g 00010 ara c | ||
| 040 |
_aSA-RiAUC _bara _cSA-RiAUC _erda |
||
| 043 | _aa-ye--- | ||
| 082 | 0 | 4 |
_a810.9 _qSA-RiAUC |
| 090 |
_a810.9 _bم ق ا |
||
| 100 | 1 |
_aالمقالح، عبد العزيز، _d1937- _eمؤلف. |
|
| 245 | 1 | 0 |
_aقراءة في أدب اليمن المعاصر / _cعبد العزيز المقالح. |
| 250 | _aالطبعة الثانية. | ||
| 264 | 1 |
_aبيروت : _bدار العودة، _c1984 |
|
| 300 |
_a213 صفحة ؛ _c20 سم. |
||
| 336 |
_aنص _btxt _2rdacontent _3كتاب |
||
| 337 |
_aبدون وسيط _bn _2rdamedia |
||
| 338 |
_aمجلد _bnc _2rdacarrier |
||
| 440 | 0 |
_aكتاب الكلمة _v1 |
|
| 650 | 7 |
_aالأدب العربي _zاليمن _xتاريخ ونقد _yقرن 20 _2aucsh |
|
| 942 |
_2ddc _cBOOK _n0 |
||
| 949 |
_aSA-JeALM _d250309 _umohamedma123 _n1 |
||
| 999 |
_c6359 _d6359 |
||